<?xml version="1.0" encoding="UTF-8"?>
<marc:record xmlns:marc="http://www.loc.gov/MARC21/slim">
   <marc:leader>00000nam a2200000 a 4500</marc:leader>
   <marc:datafield ind1="1" ind2=" " tag="100">
      <marc:subfield code="a">Borkovec, Petr</marc:subfield>
      <marc:subfield code="4">aut</marc:subfield>
      <marc:subfield code="e">Verfasser/-in</marc:subfield>
   </marc:datafield>
   <marc:datafield ind1="1" ind2=" " tag="100">
      <marc:subfield code="a">Rothmeier, Christa</marc:subfield>
      <marc:subfield code="4">trl</marc:subfield>
      <marc:subfield code="e">Übersetzer/-in</marc:subfield>
   </marc:datafield>
   <marc:datafield ind1="1" ind2=" " tag="100">
      <marc:subfield code="a">Borkovec, Petr</marc:subfield>
   </marc:datafield>
   <marc:datafield ind1=" " ind2=" " tag="653">
      <marc:subfield code="a">Lyrik</marc:subfield>
   </marc:datafield>
   <marc:datafield ind1=" " ind2=" " tag="653">
      <marc:subfield code="a">Gedichte</marc:subfield>
   </marc:datafield>
   <marc:datafield ind1=" " ind2=" " tag="653">
      <marc:subfield code="a">Tschechisch/Deutsch</marc:subfield>
   </marc:datafield>
   <marc:datafield ind1=" " ind2=" " tag="653">
      <marc:subfield code="a">zweisprachige Ausgabe</marc:subfield>
   </marc:datafield>
   <marc:datafield ind1=" " ind2=" " tag="653">
      <marc:subfield code="a">Softcover / Belletristik/Lyrik</marc:subfield>
   </marc:datafield>
   <marc:datafield ind1="0" ind2="0" tag="245">
      <marc:subfield code="a">Liebesgedichte</marc:subfield>
   </marc:datafield>
   <marc:datafield ind1="0" ind2="0" tag="245">
      <marc:subfield code="c">Petr Borkovec. Aus dem Tschech. von Christa Rothmeier</marc:subfield>
   </marc:datafield>
   <marc:datafield ind1=" " ind2="1" tag="264">
      <marc:subfield code="a">Wien</marc:subfield>
      <marc:subfield code="b">Ed. Korrespondenzen</marc:subfield>
   </marc:datafield>
   <marc:datafield ind1=" " ind2=" " tag="250">
      <marc:subfield code="a">Dt. Erstausg., um 3 Gedichte erw.</marc:subfield>
   </marc:datafield>
   <marc:datafield ind1="1" ind2=" " tag="520">
      <marc:subfield code="a">Angaben aus der Verlagsmeldung

Liebesgedichte / von Petr Borkovec

Die Eule ist wach, wenn die übrigen Tiere schlafen. Sie lauscht und lauert. Sie sieht dasselbe, wie die anderen bei Tag, nur verinnerlicht, umnebelt, erweitert um die Dunkelheit. Petr Borkovec hat immer unverwandt geschaut und gestochen scharf geschrieben. In den Liebesgedichten schaut er anders. Er tritt näher heran, gibt Kontrolle und Distanz auf und findet sich in die Komplexität einer Welt verwoben, die nur in präziser Unschärfe zu fassen ist. Er zeichnet sorgsam, koloriert und vertont etwas, das fester Umrisse entbehrt und unter den Händen entwischt. Die Koexistenz von Garten, Tieren und Familie werden dem Dichter zu Bildern, die einander berühren und sich überblenden. So entsteht ein intimes Familien-Tagebuch, das eine veränderte Haltung gegenüber der Welt bezeugt. An die Stelle von innerer Unstetigkeit sind Gelassenheit und Zuneigung getreten. Es sind Liebesgedichte, die nicht hymnisch die Liebe beschwören, nicht sich selbst in der Liebe feiern, sondern ein gemeinsames Schauen zulassen, durch das ein Gleichgewicht möglich wird.

Fast noch im Rohzustand, ungeglättet, leicht und mit subtilem Witz kommen diese Gedichte daher: als Stillleben, Fabeln, Naturbilder, Dialoge, Träume und Listen. Schillernde Miniaturen der Zugewandtheit.
</marc:subfield>
   </marc:datafield>
   <marc:datafield ind1=" " ind2=" " tag="020">
      <marc:subfield code="a">9783902951083</marc:subfield>
      <marc:subfield code="9">9783902951083</marc:subfield>
   </marc:datafield>
   <marc:datafield ind1=" " ind2=" " tag="041">
      <marc:subfield code="a">ger</marc:subfield>
   </marc:datafield>
   <marc:datafield ind1=" " ind2=" " tag="300">
      <marc:subfield code="a">143 S.</marc:subfield>
   </marc:datafield>
</marc:record>
